Report of sub- regional workshop on the development of systems and structures for producing textbooks and other related teaching/ learning materials. / (Record no. 17867)

MARC details
000 -LEADER
fixed length control field 00828nam a2200181Ia 4500
001 - CONTROL NUMBER
control field 15233
003 - CONTROL NUMBER IDENTIFIER
control field IN-NITTTR
005 - DATE AND TIME OF LATEST TRANSACTION
control field 20251114233143.0
008 - FIXED-LENGTH DATA ELEMENTS--GENERAL INFORMATION
fixed length control field 251113s9999||||xx |||||||||||||| ||eng||
040 ## - CATALOGING SOURCE
Language of cataloging eng
040 ## - CATALOGING SOURCE
Transcribing agency IN-NITTTR
041 ## - LANGUAGE CODE
Language code of text/sound track or separate title eng
082 ## - DEWEY DECIMAL CLASSIFICATION NUMBER
Classification number 372.95 S14R
100 ## - MAIN ENTRY--PERSONAL NAME
Personal name Sub-regional Workshop on the Development of Systems and structures for Producing Textbooks and Other related Teaching/ Learning Materials, bangkok
245 #0 - TITLE STATEMENT
Title Report of sub- regional workshop on the development of systems and structures for producing textbooks and other related teaching/ learning materials. /
Statement of responsibility, etc. Sub-regional Workshop on the Development of Systems and structures for Producing Textbooks and Other related Teaching/ Learning Materials, bangkok, 17-27 September 1984.
260 ## - PUBLICATION, DISTRIBUTION, ETC.
Place of publication, distribution, etc. Bangkok
Date of publication, distribution, etc. 1984
942 ## - ADDED ENTRY ELEMENTS (KOHA)
Source of classification or shelving scheme Dewey Decimal Classification
Koha item type Books
Holdings
Withdrawn status Lost status Source of classification or shelving scheme Damaged status Not for loan Home library Current library Date acquired Total checkouts Full call number Barcode Date last seen Price effective from Koha item type
    Dewey Decimal Classification     National Institute of Technical Teachers Training & Research National Institute of Technical Teachers Training & Research 11/14/2025   372.95 S14R 030303 11/14/2025 11/14/2025 Books